University Home | Library Home | Institutional Repository

African authors : (Record no. 172896)

MARC details
000 -LEADER
fixed length control field 00919cam6a220024100 4500
001 - CONTROL NUMBER
control field qce01727793
005 - DATE AND TIME OF LATEST TRANSACTION
control field 20190826203636.0
008 - FIXED-LENGTH DATA ELEMENTS--GENERAL INFORMATION
fixed length control field 751014s1974 dcu 000 0 eng d
035 ## - SYSTEM CONTROL NUMBER
System control number (Sirsi) r63973
035 ## - SYSTEM CONTROL NUMBER
System control number (QCAT)lss01031130
035 ## - SYSTEM CONTROL NUMBER
System control number (UPRA)qce01727793
040 ## - CATALOGING SOURCE
Modifying agency UPRA
245 00 - TITLE STATEMENT
Title African authors :
Remainder of title a companion to Black African writing ; volume I, 1300-1973. /
Statement of responsibility, etc. by Donald E. Herdeck [and others].
260 ## - PUBLICATION, DISTRIBUTION, ETC.
Place of publication, distribution, etc. Washington, D.C. :
Name of publisher, distributor, etc. INSCAPE Corp.,
Date of publication, distribution, etc. c1974.
500 ## - GENERAL NOTE
General note A Black orpheus press/Inscape book.
504 ## - BIBLIOGRAPHY, ETC. NOTE
Bibliography, etc. note Includes bibliographical references.
505 0# - FORMATTED CONTENTS NOTE
Formatted contents note v. 1. 1300-1973.
650 #0 - SUBJECT ADDED ENTRY--TOPICAL TERM
Topical term or geographic name entry element African literature -- Bio-bibliography.
General subdivision African literature -- Bio-bibliography.
Linkage S17015.1
650 #0 - SUBJECT ADDED ENTRY--TOPICAL TERM
Topical term or geographic name entry element Authors, African.
Linkage S17016.1
700 1# - ADDED ENTRY--PERSONAL NAME
Personal name Herdeck, Donald E., 1924-
Dates associated with a name Herdeck, Donald E., 1924-
Linkage A23833.1
949 ## - LOCAL PROCESSING INFORMATION (OCLC)
a PL8010
w lcc
i -85166
m MAIN
t BOOK
l ON-SHELF

No items available.

© 2026 - The University of Zambia Library - Koha v25.11